000 02610nam0a2200361 4500
001 RU\NLR\BIBL_A\022359193
005 20260420020142.0
010 _a978-5-7038-6327-5
_9150
021 _aRU
_bКН-П-24-052784
_9КН-П-24-5251
035 _a(NLR Aleph) 022359193
090 _a13667923
_c13667923
100 _a20241021d2024 k y0rusy50 ca
101 0 _arus
102 _aRU
105 _aa z 100yy
181 0 _ai3
_baxxe
182 0 _an
200 1 _aТеоретическая информатика и компьютерные технологии
_eI научно-практическая конференция (Москва, 1 ноября 2023 года), [проходившая в рамках конгресса МГТУ им. Н. Э. Баумана "Русский инженер", Москва, 30 октября - 3 ноября 2023 года]
_eматериалы конференции
_fФедеральное государственное бюджетное образовательное учреждение высшего образования "Московский государственный технический университет имени Н. Э. Баумана (национальный исследовательский университет)"
203 _aТекст
_bвизуальный
_cнепосредственный
210 _aМосква
_cИзд-во МГТУ им. Н. Э. Баумана
_d2024
215 _a89 с.
_cил.
_d24
320 _aБиблиогр. в конце ст.
606 1 _aИнформатика
_jСъезды, совещания и т.п
_92081274
_3RU\NLR\AUTH\661257251
606 1 _aИнформационные технологии
_jСъезды, совещания и т.п
_91740175
_3RU\NLR\AUTH\66778624
686 1 _aЗ973.233я431
711 1 2 _a"Теоретическая информатика и компьютерные технологии", научно-практическая конференция
_d1
_eМосква
_f2023
_92643344
_3RU\NLR\AUTH\880617481
711 1 2 _a"Русский инженер", конгресс
_eМосква
_f2023
_9879662
_3RU\NLR\AUTH\880607811
712 0 2 _4475
_aМосковский государственный технический университет им. Н. Э. Баумана
_9399136
_3RU\NLR\AUTH\889951592
942 _cBOOK
980 _aNB